IIHF World Championship 2026 Qualifiers - Statistics

General Stats
  • This quiz has been taken 53 times
  • The average score is 15 of 16
Answer Stats
Role Group Placement (edited in after) Answer % Correct
Qualifier B 4th Canada
100%
Qualifier A 1st Finland
100%
Qualifier B 7th Sweden
100%
Qualifier A 8th United States
100%
Qualifier A 10th Germany
98%
Host (also qualifies) A 2nd Switzerland
98%
Qualifier A 16th Great Britain
96%
Qualifier B 12th Denmark
93%
Qualifier A 6th Latvia
93%
Qualifier A 11th Austria
91%
Qualifier B 15th Italy
91%
Qualifier B 5th Czechia
89%
Qualifier B 3rd Norway
89%
Qualifier A 14th Hungary
87%
Qualifier B 9th Slovakia
87%
Qualifier B 13th Slovenia
85%
No matching quizzes found
Score Distribution
Percent of People with Each Score
Percentile by Number Answered
Your Score History
You have not taken this quiz